00623 2200229 4500001002100000005001700021008004100038020002200079035002400101040001200125082002000137090002400157100001600181245004200197250001200239260004100251300002200292500002700314650002400341850001200365990001600377YOGYA-1112000000032720121120082544.0 ind  a978-979-8001-98-2 0010-111200000000327 aYOPDYOG 2[22]a899.223 2 aCoE 899.223 2 AJI g aAJIP ROSIDI aGeguritan puisi Sunda /cAjip Rosidi. aCet. 1. aBandung :bKiblat Buku Utama,c2010. a... Jil ;c21 cm. ayang diterima jilid 2b aKesusasteraan Sunda aYOPDYOG a486-PD/A.12